[Event "Winter Chess Classic-A 2018"]
[Site "Saint Louis"]
[Date "2018.11.08"]
[Round "4"]
[White "Swiercz, Dariusz"]
[Black "Quesada Perez, Yuniesky"]
[Result "0-1"]
[WhiteElo "2636"]
[BlackElo "2612"]
[Annotator "TA"]
[PlyCount "118"]
[EventDate "2018.11.05"]
[EventType "tourn"]
[EventCountry "USA"]
[SourceTitle "playchess.com"]
[Source "ChessBase"]
[SourceQuality "1"]

{[%evp 24,118,0,0,24,19,18,20,16,-12,-16,-8,-5,0,-6,-8,-5,-13,-17,-14,0,-10,-18,-10,-10,-15,-26,-24,-16,-20,-16,-24,-15,-18,-16,-27,-41,-43,-29,-89,-89,-76,-70,-70,-73,-155,-150,-174,-154,-167,-132,-143,0,-147,-154,-156,-169,-183,-184,-205,-183,-212,-200,-212,-189,-197,-150,-388,-385,-416,-412,-419,-405,-370,-381,-591,-573,-649,-622,-668,-658,-615,-611,-1140,-1055,-961,-910,-900,-891,-29980,-29981,-29977,-29979,-29984,-29985,-29987,-29988]} 1. d4 Nf6 2. c4 e6 3. Nf3 d5 4. Nc3 c6 5. e3 Nbd7 6. Qc2 Bd6 7. b3 O-O 8. Be2 b6 9. O-O Bb7 10. Bb2 Qe7 11. Rfd1 Rac8 {D45: Semi-Slav: 5 e3} 12. Rac1 Rfd8 13. g3 {[#] LiveBook: 9 Games} Ba3 $146 {The position is equal.} ({Predecessor:} 13... c5 14. cxd5 exd5 15. Bf1 Nf8 16. Bg2 Ne6 17. dxc5 Bxc5 18. Qe2 d4 19. Nxd4 Bxd4 20. exd4 Bxg2 21. d5 Bh3 {½-½ (21) Buhmann,R (2578)-Miton,K (2624) Haguenau 2013}) 14. Bxa3 Qxa3 15. Ne5 Qe7 16. Qb2 Nxe5 17. dxe5 Nd7 18. f4 f6 19. exf6 Nxf6 20. Bf3 dxc4 21. bxc4 Qc5 22. Rxd8+ Rxd8 23. Nd1 {[#]} e5 $1 {[%mdl 512]} 24. Qxe5 Qxe5 25. fxe5 Nd7 26. e6 Ne5 27. Be4 Bc8 28. e7 Re8 29. c5 b5 30. Nc3 Bg4 31. Rb1 (31. a4 $11 {remains equal.} b4 32. Nb1) 31... Rxe7 $17 32. a4 a6 {[%cal Ba7a6,Ba6b5][%mdl 32]} 33. axb5 axb5 34. Rb4 (34. Ra1 $142) 34... Ra7 35. Bc2 Ra1+ 36. Rb1 Ra3 37. Rb3 Ra1+ 38. Rb1 Nf3+ 39. Kf2 Rxb1 40. Bxb1 {Hoping for h3!} Nxh2 {[%mdl 4096] Endgame KBN-KBN} 41. Na2 Nf3 42. Nb4 Ne5 43. Be4 Bd7 44. Ke2 Kf7 45. Kf2 $2 (45. Kd2 $17) 45... h5 $19 46. Ke2 Kf6 47. Ke1 Kg5 48. Kf2 Kg4 49. Bg2 (49. Bd3 $142) 49... g5 {[%cal Bg7g5,Bg5g4,Bg4g3][%mdl 32]} 50. Bf1 h4 51. gxh4 Kxh4 52. Bg2 g4 53. Na6 g3+ 54. Kg1 Bg4 55. Nb4 {[#]} Bf3 $1 {[%cal Rf3g2]} ({Less strong is} 55... Bd7 56. Be4 $17) 56. Bxf3 Nxf3+ {Black mates.} 57. Kg2 Ne1+ 58. Kg1 Kh3 59. Nxc6 Nf3+ {Precision: White = 42%, Black = 82%.} 0-1

[Event "Winter Chess Classic-A 2018"]
[Site "Saint Louis"]
[Date "2018.11.08"]
[Round "4"]
[White "Shimanov, Aleksandr"]
[Black "Motylev, Alexander"]
[Result "1-0"]
[WhiteElo "2620"]
[BlackElo "2661"]
[Annotator "TA"]
[PlyCount "113"]
[EventDate "2018.11.05"]
[EventType "tourn"]
[EventCountry "USA"]
[SourceTitle "playchess.com"]
[Source "ChessBase"]
[SourceQuality "1"]

{[%evp 22,113,48,50,43,32,32,41,47,-22,-18,-27,10,-75,17,-37,46,39,45,81,54,18,35,6,0,12,64,56,71,77,73,76,124,121,139,134,181,127,132,141,129,143,385,379,398,399,404,411,407,395,395,390,466,466,475,466,662,652,559,614,627,591,641,620,621,559,778,745,677,587,1329,1320,1125,1166,1339,1339,1339,1339,1339,1339,1330,1280,2043,1897,1369,1237,12834,12832,12835,12835,12841,12841,12841,12841]} 1. Nf3 d5 2. g3 Bg4 3. Bg2 Nf6 4. c4 c6 5. Ne5 Be6 6. cxd5 Bxd5 7. Nf3 c5 8. Nc3 {A11: English Opening: 1...c6} Bc6 9. O-O e6 10. Re1 (10. Qc2 Be7 11. Rd1 O-O 12. d4 cxd4 13. Nxd4 Bxg2 14. Kxg2 Nbd7 15. Bg5 {½-½ (15) Svidler,P (2765)-Karjakin,S (2760) Riadh 2017}) 10... Nbd7 11. e4 e5 12. d3 {LiveBook: 14 Games} Be7 13. Nh4 O-O 14. Nf5 Re8 {[#]} 15. f4 $146 (15. Qf3 $14) ({Predecessor:} 15. Bg5 Nf8 {1-0 (41) Benidze,D (2508)-Bashirli,N (2375) Baku 2017}) 15... Bf8 $11 16. a4 b6 17. b3 (17. Ne3 $11 {remains equal.}) 17... Nb8 ({Black should try} 17... g6 $17 18. Ne3 exf4 19. gxf4 Nh5) 18. Bb2 (18. fxe5 $11 Nfd7 19. Nd6) 18... Bb7 (18... exf4 $15 19. gxf4 g6) 19. fxe5 $14 Rxe5 20. Nb5 Nc6 21. Qd2 a6 22. Qg5 g6 $1 23. Na3 $36 {[%mdl 2048] White has good play.} ({Of course not} 23. Bxe5 Nxe5 24. Na3 Nxd3 $17) 23... Nd4 (23... Re6 $11) 24. Nc4 Re6 25. Nxd4 cxd4 26. Bh3 h6 27. Qf4 Nh5 28. Qd2 Re8 29. Rf1 ({White should play} 29. a5 $18) 29... b5 $16 30. axb5 axb5 {[#] And now ...Rxa1 would win.} 31. Na5 $1 {[%cal Ra5b7]} Bc8 $2 (31... Qe7 $16 {was necessary.} 32. Nxb7 (32. Bxd4 Bg7 $16) 32... Rxa1 33. Bxa1 (33. Rxa1 Qxb7 34. Bxd4 Bg7 $16) 33... Qxb7 34. Bxd4 Bg7) 32. Nc6 $1 $18 {[%csl LRa8,LRd4,LRd8]} Rxa1 33. Nxd8 Rxf1+ 34. Bxf1 Rxd8 35. Qa5 Be7 36. Qxb5 Ng7 37. Qb6 {White is clearly winning.} Ne6 38. Bh3 Rd6 (38... Nc5 $142 39. Qc7 Bxh3) 39. Qa7 Rd7 40. Qb8 Rd8 41. b4 {[%cal Bb3b4,Bb4b5,Bb5b6][%mdl 32]} Bg5 42. Qb6 Nc5 43. Bxc8 Nxd3 44. Bxd4 Rxc8 45. b5 Be7 46. Qb7 Rc1+ 47. Kg2 Rc2+ 48. Kf1 Bf8 49. b6 Nc5 50. Qa8 Ne6 51. Be5 Rc1+ 52. Ke2 Rc4 53. Bd6 Kg7 54. Bxf8+ Nxf8 55. b7 Nd7 56. Qd8 Rxe4+ 57. Kf1 {Precision: White = 64%, Black = 37%.} 1-0

[Event "Winter Chess Classic-A 2018"]
[Site "Saint Louis"]
[Date "2018.11.09"]
[Round "5"]
[White "Robson, Ray"]
[Black "Shimanov, Aleksandr"]
[Result "1/2-1/2"]
[WhiteElo "2676"]
[BlackElo "2620"]
[Annotator "TA"]
[PlyCount "102"]
[EventDate "2018.11.05"]
[EventType "tourn"]
[EventCountry "USA"]
[SourceTitle "playchess.com"]
[Source "ChessBase"]
[SourceQuality "1"]

{[%evp 11,102,35,29,21,53,16,19,12,42,44,54,61,130,129,142,120,129,104,148,141,141,139,144,136,144,145,147,144,155,147,160,177,167,159,153,114,125,104,118,31,35,39,34,26,29,29,92,97,127,0,0,0,0,0,0,0,0,-8,-6,-129,83,-216,-77,-189,-167,-182,-156,-219,-51,-54,-45,-68,0,0,0,0,0,0,0,0,0,0,0,0,0,0,0,0,0,0,0,0,0]} 1. c4 g6 2. d4 Bg7 3. e4 d6 4. Nc3 Nf6 5. Nge2 a6 6. Ng3 c6 {LiveBook: 44 Games} 7. f4 {E70: King's Indian: Miscellaneous lines with 4 e4, including 5 Nge2 and 5 Bd3 0-0 6 Nge2} (7. Be2 Nbd7 8. O-O b5 9. cxb5 axb5 10. b4 Nb6 11. a4 bxa4 12. Nxa4 O-O 13. Be3 Ng4 14. Bxg4 Bxg4 15. Qxg4 Nxa4 {½-½ (28) Serper,G (2574)-Ehlvest,J (2666) Reno 2006}) 7... e5 8. fxe5 $146 ({Predecessor:} 8. dxe5 dxe5 9. Qxd8+ Kxd8 10. f5 Kc7 11. h4 h6 12. Be2 Nbd7 13. Be3 Bf8 14. fxg6 fxg6 {1-0 (22) Menadue,J (2179)-Brown,T (2195) Trefforst 2008}) 8... dxe5 9. d5 $1 h5 10. Be2 b5 11. Bg5 {Hoping for dxc6.} ({Don't play} 11. cxb5 axb5 12. Qb3 h4 $11) 11... b4 (11... h4 $14 12. Nf1 h3) 12. Na4 $16 h4 13. Nf1 {[%cal Bg3f1,Bf1d2,Bd2c4][%mdl 32]} h3 14. g3 Qa5 15. Nd2 cxd5 16. cxd5 {Nc4 is the strong threat.} Bd7 17. Nc4 Bxa4 18. Nxa5 Bxd1 19. Bxf6 $1 ({But not} 19. Rxd1 $6 Nxe4 20. Be3 Nd7 $14) 19... Bxf6 20. Bxd1 Bg5 21. Ba4+ Kf8 22. Ke2 Kg7 23. Rhd1 Ra7 24. d6 Rc8 25. d7 (25. Rd5 $16) 25... Rc5 $14 26. d8=Q Bxd8 27. Rxd8 {aiming for Nb3.} Rxa5 28. b3 {[%cal Bb2b3,Bb3a4][%mdl 32]} Rxa4 (28... Rb7 $11) 29. bxa4 $11 {[%mdl 4096] Endgame KRR-KRN} Nc6 30. Rd3 ({White must play} 30. Rc8 $16 Nd4+ 31. Ke3) 30... Nd4+ 31. Kd1 Rd7 32. Rb1 a5 33. Rb2 Rd6 34. Rf2 f5 35. exf5 (35. Kc1 $11 {remains equal.}) 35... gxf5 $2 {[#]} (35... e4 $1 $17 {[%cal Re4d3] and life is bright.} 36. f6+ Kf7) 36. Ke1 $2 {[%mdl 8192]} (36. Rc2 $1 $16 {[%mdl 512]}) 36... Rc6 (36... e4 $1 $19 {[%cal Re4d3] and Black stays clearly on top.} 37. Re3 Nf3+ 38. Rfxf3 exf3 39. Rxf3 Kg6) 37. Kd1 (37. g4 $17 {is a better defense.}) 37... Kg6 $1 $19 38. Re3 Rc5 $1 39. g4 {[#]} (39. Rd3 $17) 39... fxg4 $2 (39... f4 $1 $19 {[%cal Rf4e3]} 40. Rxh3 Kg5) 40. Re4 $15 Kg5 41. Rf8 {[#]} Nf3 (41... g3 $1 $15 {[%mdl 512]} 42. hxg3 h2) 42. Rg8+ $11 {The position is equal.} Kf5 43. Rexg4 Rc3 44. Rg3 $1 Nxh2 {Strongly threatening ...Kf4.} 45. Rxc3 bxc3 {KR-KN} 46. Rg3 Ng4 {And now ...h2 would win.} 47. Kc2 h2 (47... Nf2 $5 48. Rf3+ $8 Kg4 49. Rxf2 Kg3 $18) 48. Rh3 e4 49. Kxc3 Kf4 50. Kb2 e3 {( -> ...e2)} 51. Kc2 Ke4 {Precision: White = 50%, Black = 46%.} 1/2-1/2

[Event "Winter Chess Classic-A 2018"]
[Site "Saint Louis"]
[Date "2018.11.09"]
[Round "5"]
[White "Motylev, Alexander"]
[Black "Xiong, Jeffery"]
[Result "1/2-1/2"]
[WhiteElo "2661"]
[BlackElo "2675"]
[Annotator "TA"]
[PlyCount "61"]
[EventDate "2018.11.05"]
[EventType "tourn"]
[EventCountry "USA"]
[SourceTitle "playchess.com"]
[Source "ChessBase"]
[SourceQuality "1"]

{[%evp 21,61,17,18,21,23,-21,-5,-14,-24,-23,-17,-16,48,49,47,47,47,47,45,48,34,48,43,40,43,45,35,2,2,4,2,0,3,3,2,0,0,0,0,0,0,0]} 1. e4 e5 2. Nf3 Nc6 3. Bc4 Bc5 4. d3 Nf6 5. Nc3 d6 6. Na4 Bb6 7. a3 O-O 8. h3 Be6 9. Bxe6 fxe6 10. O-O Qe8 11. Nxb6 axb6 12. Bd2 {C50: Italienische Partie} (12. c3 Nh5 13. g3 Qf7 14. Ng5 Qg6 15. Nxe6 Nxg3 16. Nxf8 Rxf8 17. Qg4 Nxf1 18. Kxf1 Qf7 19. Be3 Ne7 {0-1 (39) Karimov,A (2114)-Pimankin,S (2197) Novosibirsk 2008}) 12... h6 13. g3 $146 ({Vorgänger:} 13. b4 Qg6 14. Nh4 Qh5 15. Qxh5 Nxh5 16. Rfe1 Nd4 17. Rf1 Nxc2 18. Rac1 Nxa3 19. Rxc7 Rf7 20. Rxf7 Kxf7 {0-1 (40) Saram,N-Ratnesan,R (1074) Bournemouth 2016}) 13... d5 14. Qe2 dxe4 15. dxe4 Qg6 16. Rae1 Qxe4 ({Lieber} 16... Ra4 $11) 17. Qxe4 $14 Nxe4 18. Rxe4 Rxf3 {[#]} 19. Bf4 $1 {[%mdl 512]} exf4 20. Kg2 {[#]} Rfxa3 $1 21. bxa3 fxg3 22. fxg3 Rxa3 23. Rxe6 {[%mdl 4096] Endspiel KTT-KTS} Rc3 24. h4 {Droht stark Te8+.} Rxc2+ {Die Stellung ist ausgeglichen.} 25. Kh3 {zielt auf Te8+ ab.} Rc5 26. Re8+ Kh7 27. Rf7 Ne5 28. Rfe7 Ng6 29. Rf7 Ne5 30. Rfe7 Ng6 31. Rf7 {Precision: Weiß = 59%, Schwarz = 70%.} 1/2-1/2

[Event "Winter Chess Classic-A 2018"]
[Site "Saint Louis"]
[Date "2018.11.09"]
[Round "5"]
[White "Sevian, Samuel"]
[Black "Sasikiran, Krishnan"]
[Result "1-0"]
[WhiteElo "2641"]
[BlackElo "2671"]
[Annotator "TA"]
[PlyCount "99"]
[EventDate "2018.11.05"]
[EventType "tourn"]
[EventCountry "USA"]
[SourceTitle "playchess.com"]
[Source "ChessBase"]
[SourceQuality "1"]

{[%evp 13,99,-9,0,-23,-21,-20,-20,-19,1,-15,-25,-17,0,0,0,-28,-35,-20,-32,-32,-21,-22,-24,-18,-8,-18,-18,-18,-18,-14,0,0,0,0,0,0,0,0,7,0,0,0,0,0,0,-37,-42,-47,-43,-55,-34,-37,0,0,0,0,0,0,0,0,4,4,8,11,22,8,7,0,32,14,11,0,384,399,404,405,399,407,395,394,402,389,383,381,413,430,387,390]} 1. e4 c5 2. Nc3 d6 3. d4 cxd4 4. Qxd4 Nc6 5. Qd2 Nf6 6. b3 {B23: Closed Sicilian: Lines without g3} e6 7. Bb2 a6 {LiveBook: 8 Games} 8. f4 $146 {The position is equal.} ({Predecessor:} 8. O-O-O b5 9. f3 h5 10. Nh3 Be7 11. Ng5 {1-0 (31) Carlsen,M (2843)-Wojtaszek,R (2744) Shamkir 2018}) 8... b5 9. Bd3 Bb7 10. Nf3 Nb4 11. a3 Nxd3+ 12. cxd3 d5 13. e5 d4 14. Nxd4 Qxd4 15. exf6 Qxf6 16. Ne4 Qh4+ 17. Qf2 $1 {[%cal Rf2h4]} Qxf2+ 18. Kxf2 Rd8 {[#] ...Bxe4 is the strong threat.} 19. Rhd1 f6 20. b4 Be7 21. Rac1 Bd5 22. Ke3 O-O 23. Rc7 Rf7 24. Rdc1 h6 25. g3 f5 $132 {[%mdl 2048] Black has counterplay} 26. Nc5 Ra8 27. Bd4 a5 28. bxa5 Rxa5 29. Rb1 Bd6 30. Rc8+ Rf8 31. Rxf8+ Kxf8 32. Nd7+ Ke8 33. Nb6 $1 Ba2 34. Rc1 Rxa3 35. Bxg7 Ra6 36. Bd4 b4 37. Rc6 Be7 38. Rc8+ Kf7 39. Nd7 {[#] And now Ne5+ would win.} Bd6 $1 40. Rh8 Ke7 41. Nb6 Ra3 42. Rh7+ Kf8 $2 {[%mdl 8192]} (42... Ke8 $11) 43. Nc8 $18 Bb8 44. Rb7 Bc4 45. Bc5+ ({Inferior is} 45. Rxb8 Rxd3+ 46. Kf2 Rxd4 $11) 45... Ke8 46. Rxb8 Rxd3+ 47. Kf2 Kd7 48. Rxb4 Bd5 49. Nb6+ Kc6 50. Be3 {Precision: White = 69%, Black = 72%.} 1-0

[Event "Winter Chess Classic-A 2018"]
[Site "Saint Louis"]
[Date "2018.11.09"]
[Round "5"]
[White "Quesada Perez, Yuniesky"]
[Black "Melkumyan, Hrant"]
[Result "1-0"]
[WhiteElo "2612"]
[BlackElo "2668"]
[Annotator "TA"]
[PlyCount "111"]
[EventDate "2018.11.05"]
[EventType "tourn"]
[EventCountry "USA"]
[SourceTitle "playchess.com"]
[Source "ChessBase"]
[SourceQuality "1"]

{[%evp 19,111,20,28,17,14,4,12,12,10,0,10,8,13,0,2,0,0,0,35,35,67,54,62,52,63,34,47,45,41,45,68,36,37,34,47,27,55,55,58,57,74,52,70,63,70,69,59,53,66,60,68,77,77,85,114,111,132,111,104,136,247,264,289,272,380,260,343,344,325,331,318,325,369,355,408,430,416,433,435,435,435,435,426,399,472,468,435,422,458,445,603,579,604,600]} 1. e4 c5 2. Nf3 Nc6 3. Bb5 g6 4. O-O Bg7 5. Nc3 e5 6. Bc4 {B31: Sicilian: 2...Nc6 3 Bb5 g6} d6 7. a3 h6 8. b4 Nge7 9. d3 O-O 10. Rb1 Kh7 {LiveBook: 3 Games} 11. bxc5 dxc5 12. Nd5 b6 13. Re1 {[#]} Qd6 $146 ({Predecessor:} 13... Be6 14. Nxe7 Qxe7 {½-½ (39) Ni,H (2671)-Mamedov,R (2709) Riadh 2017}) 14. a4 Rb8 15. Bb2 Nxd5 16. Bxd5 Nb4 17. Bb3 Be6 18. Bc3 a5 19. Nd2 $36 {[%mdl 2048] White is more active.} Rbe8 20. Qc1 Bxb3 21. Rxb3 Re6 22. Qb2 Qc6 23. Ra3 f5 24. Nc4 Rfe8 25. g3 R8e7 26. Raa1 f4 27. g4 h5 28. g5 f3 29. Kh1 Rf7 30. Re3 Re8 31. Qb3 Rf4 32. Rg1 Qe6 33. Ree1 $1 Rf7 34. Rg3 h4 35. Rgg1 Rff8 36. Rb1 Re7 37. Ne3 Qd7 38. Rg4 Rf4 39. Rbg1 {[%cal Bb1g1,Bg1g4,Bg4h4][%mdl 32]} Ref7 (39... Qe6 $16 {was called for.}) 40. h3 $18 Rxg4 41. Rxg4 Rf4 42. Kh2 Qf7 43. Qxf7 Rxf7 44. Rxh4+ Kg8 45. Rg4 Rd7 46. Rg1 Nxc2 47. Nxc2 Rxd3 48. Ba1 Rd2 49. Rc1 Rxf2+ 50. Kg3 Rg2+ 51. Kxf3 Rxg5 52. Ne3 {White is clearly winning.} Rh5 53. Rh1 Kf7 54. Kg2 Rh8 55. Rb1 Rd8 {If Black can now play ...Rd2+ this consolidates a bit.} 56. Nd5 {Precision: White = 67%, Black = 28%.} 1-0

[Event "Winter Chess Classic-A 2018"]
[Site "Saint Louis"]
[Date "2018.11.09"]
[Round "5"]
[White "Miroshnichenko, Evgenij"]
[Black "Swiercz, Dariusz"]
[Result "1/2-1/2"]
[WhiteElo "2606"]
[BlackElo "2636"]
[Annotator "TA"]
[PlyCount "60"]
[EventDate "2018.11.05"]
[EventType "tourn"]
[EventCountry "USA"]
[SourceTitle "playchess.com"]
[Source "ChessBase"]
[SourceQuality "1"]

{[%evp 18,60,14,0,21,-26,-8,-8,-8,-26,-20,-33,9,0,0,2,7,9,10,0,3,0,0,0,0,0,4,0,0,0,0,0,0,0,0,0,5,6,10,0,-3,-2,-7,-15,0]} 1. d4 Nf6 2. Nf3 g6 3. Bg5 Bg7 4. e3 O-O 5. Be2 c5 6. Nbd2 b6 {A48: 1 d4 Nf6 2 Nf3 g6: Torre, London and Colle Systems} 7. O-O Bb7 8. a4 d5 9. c3 Nc6 10. Qb3 {LiveBook: 5 Games} (10. Qb1 h6 11. Bh4 Re8 12. Rd1 Rc8 13. Ne5 Nd7 14. f4 Nf6 15. Bf3 Qd6 16. Qd3 e6 {1-0 (70) Harikrishna,P (2744)-Amonatov,F (2636) Riadh 2017}) 10... Rc8 11. Rfd1 (11. dxc5 $5 {[%cal Ra4a5]} Na5 12. Qa2 $11) 11... Na5 12. Qa3 c4 13. Rac1 $146 ({Predecessor:} 13. Ne5 Re8 14. Rac1 Ne4 15. Nxe4 dxe4 {0-1 (45) Sedlak,N (2557)-Konnyu,J (2338) Hungary 2016}) 13... Re8 14. b4 Nc6 (14... cxb3 $5 15. Nxb3 Nc4 16. Bxc4 dxc4 $15) 15. Qa2 {The position is equal.} h6 16. Bf4 e6 17. h3 a6 18. Ne5 b5 19. axb5 axb5 20. Ra1 Ra8 21. Qb2 Nd7 {[%cal Rd7e5]} 22. Nxc6 Bxc6 23. Rxa8 Qxa8 24. Ra1 Qb7 25. Nf3 Ra8 26. Bd1 Ra6 27. Rxa6 Qxa6 28. Ne5 Nxe5 29. Bxe5 f6 30. Bg3 Qa8 {Precision: White = 31%, Black = 41%.} 1/2-1/2

[Event "Winter Chess Classic-A 2018"]
[Site "Saint Louis"]
[Date "2018.11.10"]
[Round "6"]
[White "Xiong, Jeffery"]
[Black "Robson, Ray"]
[Result "1/2-1/2"]
[WhiteElo "2675"]
[BlackElo "2676"]
[Annotator "TA"]
[PlyCount "73"]
[EventDate "2018.11.05"]
[EventType "tourn"]
[EventCountry "USA"]
[SourceTitle "playchess.com"]
[Source "ChessBase"]
[SourceQuality "1"]

{[%evp 20,73,11,11,26,19,26,14,12,0,39,-11,0,0,0,0,0,0,9,0,5,1,17,6,16,0,0,0,0,0,0,0,0,0,0,0,15,12,19,22,23,24,20,18,33,18,32,32,41,23,34,14,19,3,3,0]} 1. e4 e5 2. Nf3 Nc6 3. Bb5 Nf6 4. d3 {[%cal Bd2d3,Bd3d4][%mdl 32]} Bc5 5. c3 O-O 6. O-O d6 7. h3 Ne7 {C65: Ruy Lopez: Berlin Defence (3...Nf6), unusual lines and 4 0-0 Bc5} 8. d4 Bb6 9. Bd3 Ng6 10. Re1 c6 11. Be3 {LiveBook: 3 Games} Nh5 $146 ({Predecessor:} 11... Bc7 12. Nbd2 Nh5 13. Bf1 Nhf4 14. a4 h6 15. Qc2 {½-½ (44) Bruzon Batista,L (2685)-Granda Zuniga,J (2665) Camarinas 2013}) 12. Nbd2 {[%cal Bb1d2,Bd2b3,Bb3d4][%mdl 32]} Nhf4 13. Bf1 exd4 14. Bxd4 d5 (14... Ne5 $5) 15. Nb3 dxe4 16. Rxe4 Bf5 17. Re1 Qc7 18. Bxb6 Qxb6 19. Nbd4 Bd7 20. b4 Rad8 21. Qb3 Qc7 22. a4 b6 23. a5 c5 24. axb6 axb6 25. Qc4 Rc8 26. bxc5 bxc5 27. Nb5 Qb6 28. Ne5 Nxe5 29. Qxf4 Bxb5 30. Rxe5 {[#] And now Rb1 would win.} Bxf1 31. Rxf1 Rfe8 32. Rfe1 Rxe5 33. Rxe5 h6 34. Re7 Qg6 35. Kh2 Rd8 36. Qe5 Rd2 37. Qf4 {Precision: White = 62%, Black = 50%.} 1/2-1/2

[Event "Winter Chess Classic-A 2018"]
[Site "Saint Louis"]
[Date "2018.11.10"]
[Round "6"]
[White "Sasikiran, Krishnan"]
[Black "Swiercz, Dariusz"]
[Result "1-0"]
[WhiteElo "2671"]
[BlackElo "2636"]
[Annotator "TA"]
[PlyCount "107"]
[EventDate "2018.11.05"]
[EventType "tourn"]
[EventCountry "USA"]
[SourceTitle "playchess.com"]
[Source "ChessBase"]
[SourceQuality "1"]

{[%evp 16,107,23,30,42,30,27,10,19,0,0,0,0,0,0,-6,-8,-10,18,0,0,-21,24,12,40,49,50,0,0,0,43,31,35,37,29,29,98,58,123,73,76,72,72,72,82,79,72,61,73,69,59,70,95,90,50,53,64,0,82,0,241,215,304,305,276,0,0,0,0,-36,0,0,39,0,0,0,254,238,204,201,431,414,29981,29982,29982,29983,29983,29984,29989,29990,29994,29995,29995,29996]} 1. e4 {[%cal Be2e4,Be4e5][%mdl 32]} c6 2. d4 d5 3. e5 Bf5 4. Nd2 e6 5. Nb3 Nd7 6. Nf3 Ne7 {B12: Caro-Kann: Advance Variation} (6... c5 7. dxc5 Bxc5 8. Nxc5 Nxc5 9. Nd4 Ne7 10. Be2 Nd7 11. f4 O-O 12. Be3 Be4 13. O-O Nb8 14. c3 {½-½ (36) Leko,P (2690)-Nisipeanu,L (2661) Batumi 2018}) 7. Be2 Nc8 8. O-O Be7 9. Ne1 {LiveBook: 27 Games} c5 10. dxc5 Nxc5 11. Nxc5 Bxc5 12. Bb5+ Kf8 13. Bd3 $146 {White wants to play Bxf5.} ({Predecessor:} 13. Qe2) 13... Ne7 14. Bg5 Bxd3 15. Nxd3 Bb6 16. a4 a6 17. Ra3 h6 18. Bd2 Rc8 19. Rb3 Qc7 20. Bb4 Ba7 21. Nf4 Qd7 22. Nh5 Kg8 23. Rg3 Ng6 24. Qd3 Qe8 25. b3 Rh7 (25... Bc5 $11 26. Bxc5 Rxc5) 26. Kh1 b5 (26... Kh8 $14) 27. a5 Kh8 28. Rxg6 fxg6 29. Nf4 Kg8 30. Nxg6 {And now Ne7+ would win.} Bc5 31. Bd2 $1 {[%mdl 1024] White has strong compensation.} Qf7 32. f3 h5 33. h4 $1 Rc6 34. g4 $1 Be7 35. Kg2 Bd8 36. c3 ({White should try} 36. Rf2 $14) 36... Qe8 (36... Bxa5 $11 37. g5 Bd8) 37. f4 (37. b4 $1 $16) 37... Rh6 $2 ({Reject} 37... Bxa5 $6 38. f5 $16) (37... hxg4 $11 38. f5 Be7) 38. f5 $18 exf5 (38... Rxg6 $142 39. fxg6 hxg4) 39. Qxd5+ Kh7 40. gxf5 $2 (40. Bxh6 $18 Qxg6 41. Bg5 fxg4 42. Bxd8) 40... Rhxg6+ 41. fxg6+ Rxg6+ 42. Kf3 Bxh4 43. Qe4 Qd7 44. Be3 Bg3 $1 45. Ke2 $36 {[%mdl 2048] Black must now prevent Rf5. Black is under pressure.} h4 $2 {[%mdl 8192]} (45... Qg4+ $11 {and Black has nothing to worry.} 46. Kd3 h4) 46. Rf5 $1 {[%cal Rf5h5] White threatens Rh5+ and mate.} Qc6 47. Qd3 $1 {Rh5+ is the strong threat.} Qe8 $2 {[#]} (47... Qg2+ {was necessary.} 48. Kd1 Qc6) 48. Rg5 $1 Qe6 (48... Bh2 $18 49. Rg4 Bxe5) 49. Rh5+ {White mates.} Kg8 50. Qd8+ Kf7 {[#]} 51. Rh8 $1 {[%csl Gd8][%cal Rh8f8]} ({Stronger than} 51. Qc7+ Qe7 $11) 51... Qg4+ 52. Kd2 {[%csl Gh8][%cal Rd8e8]} Re6 53. Qg8+ Kg6 54. Rh6+ {Precision: White = 71%, Black = 41%.} 1-0

[Event "Winter Chess Classic-A 2018"]
[Site "Saint Louis"]
[Date "2018.11.10"]
[Round "6"]
[White "Melkumyan, Hrant"]
[Black "Miroshnichenko, Evgenij"]
[Result "1-0"]
[WhiteElo "2668"]
[BlackElo "2606"]
[Annotator "TA"]
[PlyCount "111"]
[EventDate "2018.11.05"]
[EventType "tourn"]
[EventCountry "USA"]
[SourceTitle "playchess.com"]
[Source "ChessBase"]
[SourceQuality "1"]

{[%evp 12,111,29,4,56,35,39,41,36,32,50,36,39,43,47,46,49,34,38,17,28,9,33,0,22,14,36,24,21,34,35,23,20,31,22,33,29,30,31,30,28,28,18,15,30,25,49,39,31,43,66,66,66,66,66,66,66,52,53,54,66,64,66,66,72,52,89,89,95,89,100,100,154,109,186,178,182,150,154,133,169,73,114,114,114,114,125,114,140,115,957,812,1593,2047,11862,1927,29957,29966,29965,29964,29960,29968]} 1. d4 Nf6 2. c4 e6 3. Nf3 d5 4. Nc3 a6 5. cxd5 exd5 6. Bg5 {D37: Queen's Gambit Declined: 5 Bf4} Be6 7. Qb3 {LiveBook: 5 Games} (7. e3 Nbd7 8. Bd3 h6 9. Bf4 g5 10. Bg3 Nh5 11. Be5 Nhf6 12. Bg3 Nh5 13. Qb3 Nxg3 14. hxg3 {½-½ (48) Karjakin,S (2773)-Caruana,F (2822) Saint Louis 2018}) 7... Ra7 $146 ({Black should play} 7... b5 $11) ({Predecessor:} 7... Nbd7 8. e3 Rb8 9. Qc2 Bd6 10. Bd3 c6 11. Bf4 Qc7 12. Bxd6 Qxd6 13. O-O h6 {0-1 (67) Mirzoev,A (2510)-Rakhmanov,A (2629) Linares 2018}) 8. e3 {White is slightly better.} Nbd7 9. Bd3 Be7 10. Qc2 O-O 11. h3 c5 12. dxc5 Nxc5 13. O-O h6 14. Bf4 Ra8 15. Rad1 Rc8 16. Be5 Nfe4 17. Qe2 Nxc3 18. Bxc3 Bf6 19. Bd4 Bd7 20. Rfe1 Re8 21. Bb1 Bb5 22. Qd2 (22. Qc2 Nd3 $17) 22... Ne4 23. Bxf6 Nxd2 24. Bxd8 Nxf3+ 25. gxf3 Rexd8 26. Rd2 Kf8 27. Red1 Ke7 28. Kg2 Ba4 29. b3 Bc6 30. Bf5 Bd7 31. Bxd7 Rxd7 32. Rxd5 Rxd5 33. Rxd5 $14 {[%mdl 4096] Endgame KR-KR} Rc2 34. Ra5 g5 35. Ra4 Rb2 36. Kg3 Kf6 37. f4 Kg6 38. f3 gxf4+ 39. Kxf4 Rh2 40. Kg3 Re2 41. e4 f6 (41... Rb2 $142 42. Rb4 b5) 42. Kf4 Rh2 (42... Rd2 $16 43. Rb4 b5) 43. Rb4 $1 $18 b5 44. Rd4 Rxh3 45. Rd6 {aiming for e5.} Rh5 46. b4 (46. Rxa6 $18 {Strongly threatening a4.} Rh4+ 47. Kg3) 46... a5 47. bxa5 b4 48. a6 {And now Rd5 would win.} Ra5 {[#]} 49. Rb6 $1 ({Reject} 49. e5 $6 Rxe5 50. Rd4 Ra5 $11) 49... Kf7 50. Rxb4 {Rb7+ is the strong threat.} Rxa2 $2 {[%mdl 8192]} (50... Rxa6 $16 51. a4 Ra5) 51. Rb7+ Kg6 52. Ra7 h5 53. Ra8 Ra5 54. a7 {White mates.} Kg7 {[#]} 55. Kg3 $1 {[%cal Rg3h4]} Ra1 56. f4 {Precision: White = 80%, Black = 45%.} 1-0